|
|
|
|
| LEADER |
00000nam0a2200000 4500 |
| 001 |
15617 |
| 005 |
20231101205028.0 |
| 010 |
|
|
|a 5713303166
|
| 035 |
|
|
|a (RuTPU)RU\TPU\book\15729
|
| 035 |
|
|
|a BOOK00000036
|
| 090 |
|
|
|a 15617
|
| 100 |
|
|
|a 20011209d1991 k y0rusy50 ca
|
| 101 |
0 |
|
|a rus
|
| 102 |
|
|
|a RU
|
| 105 |
|
|
|a y z 000zy
|
| 200 |
1 |
|
|a Доколумбовы плавания в Америку: мифы и реальность
|f В. И. Гуляев
|
| 210 |
|
|
|a Москва
|c Международные отношения
|d 1991
|
| 215 |
|
|
|a 191 с.
|
| 606 |
1 |
|
|a Мореплавание в Древнем мире
|2 stltpush
|3 (RuTPU)RU\TPU\subj\58990
|9 76658
|
| 610 |
1 |
|
|a история
|
| 610 |
1 |
|
|a география
|
| 610 |
1 |
|
|a путешествия
|
| 610 |
1 |
|
|a древний мир
|
| 610 |
1 |
|
|a международные отношения
|
| 610 |
1 |
|
|a Америка
|
| 610 |
1 |
|
|a Доколумбовы мореплавания
|
| 686 |
|
|
|a Т3(0)3
|v LBC/SL-A
|2 rubbk
|
| 700 |
|
1 |
|a Гуляев
|b В. И.
|g Валерий Иванович
|
| 801 |
|
0 |
|a RU
|b 63413507
|c 20011209
|g PSBO
|
| 801 |
|
2 |
|a RU
|b 63413507
|c 20230323
|g PSBO
|
| 942 |
|
|
|c BK
|